000 01187nam a2200241Ii 4500
003 JO-AjNU
005 20240624101029.0
008 230605s9999||||xx |||||||||||||| ||und||
040 _aJO-AjNU
_bara
_erda
_cJO-AjNU
041 _aara
050 1 4 _aBP173.759 2022
100 _aالزغول، يوسف علي احمد
_eمعد
_965509
245 1 0 _aاثر الضمانات البنكية على السيولة والربحية في المصارف الاسلامية في الاردن(دراسة تطبيقية) = The Effect of Bank Guarantees on Liquidity and Profitability in Islamic Banks in Jordan
_cاعداد يوسف علي احمد الزغول ؛ إشراف محي الدين يعقوب
260 _c2022
300 _a82ورقة
336 _atext
_btxt
_2rdacontent
337 _aunmediated
_bn
_2rdamedia
338 _avolume
_bnc
_2rdacarrier
500 _aرسالة جامعية(اطروحة ماجستير) تخصص المصارف الاسلامية /كلية ادارة الاعمال جامعة عجلون الوطنية، 2022
650 7 4 _aالمصارف الاسلامية
_963252
700 1 _aيعقوب، محي الدين
_965511
_eمشرف
942 _2lcc
_cTHS
999 _c32248
_d32248